00936nam a22002417a 450000500170000001000130001702000220003003500130005203700160006504000120008108200190009324501420011226000460025427000470030030000260034750000500037365000310042365000380045470000290049294200280052199900190054995201260056820170124105930.0 aA-709753 c00.00a8121000661 aA-709753 bCen Lib/Ret aDPLbEN a388.40954bPRO aProblems of urban transport in India :cedited by D. Panduranga Raobproceedings of the international seminar held on april 20-22, 1985 / aNew DelhibInter-India Publicationsc1985 aD-17, Raja Garden Extn.bNew Delhie110015 axxiii,376p.c21cm(Hb) aIncludes bibliographical references and index aUrban transportation98052 aUrban transportation policy98053 aRao, D. Panduranga94979 2ddccENh388.40954mPRO c123791d123791 00104070aLbLd2015-06-12eCen Lib/Retg0.00l0o388.40954 PROpA-709753r2015-06-12 00:00:00t1v0.00w2015-06-12yEN